000 02509nam a22002057a 4500
005 20250805145417.0
008 211012b ||||| |||| 00| 0 eng d
020 _a9789391165895
040 _cAL
041 _aeng
082 _223
_a954.02
_bPILF
100 _aManu S Pillai
_9234015
245 _aFalse Allies
_bIndias Maharajahs in the age of Ravi Varma
260 _aNew Delhi
_bJuggernaut Books
_c2021
300 _a528 p.
_bHB
_c23x15 cm.
365 _aBLCR-000065
_b₹719.20
_c
_d₹899.00
_e20%
_f05-10-2021
520 _aIndia’s maharajahs have traditionally been cast as petty despots, consumed by lust and luxury. Bejewelled parasites, they cared more, we are told, for elephants and palaces than for schools and public works. The British cheerfully circulated the idea that brown royalty needed ‘enlightened’ white hands to guide it, and by the twentieth century many Indians too bought into the stereotype, viewing princely India as packed with imperial stooges. Indeed, even today the princes are either remembered with frothy nostalgia or dismissed as greedy fools, with no role in the making of contemporary India. In this brilliantly researched book, Manu S. Pillai disputes this view. Tracking the travels of the iconic painter Ravi Varma through five princely states – from the 1860s to the early 1900s – he uncovers a picture far removed from the clichés in which the princes are trapped. The world we discover is not of dancing girls, but of sedition, legal battles, the defiance of imperial dictates, and resistance. We meet maharajahs obsessed with industrialization, and rulers who funded nationalists, these men anything but pushovers for the Raj to manipulate. Outward deference aside, the princes, Pillai shows, forever tested the Raj – from denying white officials the right to wear shoes in durbars to trying to surpass British administrative standards. Good governance became a spectacularly subversive act, by which maharajahs and the ‘native statesmen’ assisting them refuted claims that Indians could not rule themselves. For decades this made the princes heroes in the eyes of nationalists and anti-colonial thinkers – a facet of history we have forgotten and ignored. By refocusing attention on princely India, False Allies takes us on an unforgettable journey and reminds us that the maharajahs were serious political actors – essential to knowing modern India.
650 _aIndias Maharajahs in the age of Ravi Varma
_91193
942 _2ddc
_cREF
999 _c216579
_d216579